Manual para el diseño de la instrucción

Shranjeno v:
Bibliografske podrobnosti
Glavni avtor: Briggs, Leslie J (Author)
Format: Knjiga
Jezik:španščina
Izdano: Buenos Aires Guadalupe 1973
Serija:Biblioteca Pedagógica. Serie I: Problemática de la Educación
Teme:
Oznake: Označite
Brez oznak, prvi označite!

MARC

LEADER 00000nam a2200000 a 4500
001 UCZ7612
003 CL-VaPUC
008 960105e19730000AG |||||||||||||||||spa|d
082 0 4 |a 371.3  |b BRI  |2 21 
100 0 |a Briggs, Leslie J  |e author  |9 352582 
245 1 0 |a Manual para el diseño de la instrucción 
300 |a 219 p 
942 |c BK 
945 |d 19960105 00:00:00  |a lriquelm 
260 |a Buenos Aires  |b Guadalupe  |c 1973 
650 0 |a Métodos de enseñanza  |9 270413 
650 0 |a Planificación de la educación   |9 307333 
650 7 |a TESTS DE PROGRESO ESCOLAR  |2 CL-VaPUC  |9 339860 
650 0 |a Rol del docente  |9 329733 
650 0 |a Aprendizaje   |9 254827 
583 |a last modification  |c 19960105 00:00:00  |k Rodrigo Vera 
490 0 |a Biblioteca Pedagógica. Serie I: Problemática de la Educación 
999 |c 243663  |d 243661 
952 |0 0  |1 0  |4 0  |6 371_300000000000000_BRI_1973  |7 0  |8 P  |9 257408  |a BIBEDU  |b BIBEDU  |c BIBEDU_PB  |d 2019-11-19  |i 1610325  |o 371.3 BRI 1973  |p 1610325  |r 2024-01-25  |w 2019-11-19  |y BK  |k EDU